| 000 | 00595nam a2200157 a 4500 | ||
|---|---|---|---|
| 001 | 000029015 | ||
| 005 | 20200930055258.0 | ||
| 008 | 110413s2005 dr 000 0 spa d | ||
| 040 |
_aDO-SdBNP _bspa _cBNPHU |
||
| 111 | 2 |
_aCongreso mundial de alfabetización, Declaración de la Habana _d(2005 : _cSanto Domingo _n1:) _955935 |
|
| 245 | 1 | 0 |
_aPedagogía 2005 : _bencuentro para la unidad de los educadores. |
| 260 |
_aSanto Domingo : _bEditora Impre-Arte Núñez, _c2005. |
||
| 300 |
_a11 p. ; _c22 cm. |
||
| 490 | 1 |
_aPublicaciones SEDUCA _vdocumentos |
|
| 830 | 0 |
_aPublicaciones SEDUCA _adocumentos _955936 |
|
| 999 |
_c28507 _d28507 |
||